Cấu tạo ô tô

Сохранить в:
Библиографические подробности
Главный автор: Iu.Boropxkic
Формат:
Язык:Undetermined
Опубликовано: Hà Nội Công nhân kỹ thuật 1986
Предметы:
Метки: Добавить метку
Нет меток, Требуется 1-ая метка записи!
Thư viện lưu trữ: Trung tâm Học liệu Trường Đại học Cần Thơ
LEADER 00472nam a2200169Ia 4500
001 CTU_46292
008 210402s9999 xx 000 0 und d
082 |a 629.2 
082 |b B736 
100 |a Iu.Boropxkic 
245 0 |a Cấu tạo ô tô 
245 0 |c Iu.Boropxkic, A.Xabinhin, V.Klennhikop 
260 |a Hà Nội 
260 |b Công nhân kỹ thuật 
260 |c 1986 
650 |a automobile 
980 |a Trung tâm Học liệu Trường Đại học Cần Thơ